South Eastern Kenya University

Library Online Public Access Catalogue


In harm's way : (Record no. 11095)

MARC details
000 -LEADER
fixed length control field 00366cam a22001094a 4500
050 00 - LIBRARY OF CONGRESS CALL NUMBER
Classification number RJ506.P66
Item number I54 2005
245 00 - TITLE STATEMENT
Title In harm's way :
Remainder of title aiding children exposed to trauma /
Statement of responsibility, etc. prepared for a Grantmakers in Health issue dialogue, Denver CO.
260 ## - PUBLICATION, DISTRIBUTION, ETC. (IMPRINT)
Place of publication, distribution, etc. Washington, DC :
Name of publisher, distributor, etc. Grantmakers in Health,
Date of publication, distribution, etc. c2005.
300 ## - PHYSICAL DESCRIPTION
Extent 30 p. ;
650 #0 - SUBJECT ADDED ENTRY--TOPICAL TERM
General subdivision Treatment.
942 ## - ADDED ENTRY ELEMENTS (KOHA)
Source of classification or shelving scheme Library of Congress Classification
Koha item type General circulation
Holdings
Withdrawn status Lost status Source of classification or shelving scheme Damaged status Not for loan Home library Current library Shelving location Date acquired Total Checkouts Full call number Barcode Date last seen Price effective from Koha item type Public note
    Library of Congress Classification     Kitui Town Campus Library Kitui Town Campus Library General Stacks 18/02/2016   RJ506.P66 I54 2005 2016/013353 18/02/2016 18/02/2016 General circulation dm
Kitui, Kenya.
+254736116989
library@seku.ac.ke